Anna's Day Quiz - Statistics

General Stats
  • This quiz has been taken 7,434 times
  • The average score is 14 of 20
Answer Stats
Hint Answer % Correct
Wife of Henry VIII who was beheaded Anne Boleyn
97%
Girl who hid from the Nazis in an Amsterdam attic Anne Frank
97%
Movie which featured sisters named Anna and Elsa Frozen
91%
19th century writer whose sisters Charlotte and Emily were also writers Anne Brontë
83%
Sport in which Anna Kournikova excelled Tennis
82%
Fill the blank in this Annie Lennox song title Walking on Broken {Glass}
80%
Children's book about an orphan girl who lives on Prince Edward Island Anne of {Green} Gables
79%
Star of "The Princess Diaries", she has the same name as Shakespeare's wife Anne Hathaway
78%
Fill in the song title from the 1976 musical "Annie" It's the Hard {Knock} Life
73%
Magazine which Anna Wintour has edited since 1988, inspiring the movie "The Devil Wears Prada" Vogue
73%
Sport in which Princess Anne excelled Equestrian
71%
Author of the book "Anna Karenina" Leo Tolstoy
71%
Redheaded doll who has a brother named Andy {Raggedy} Ann
62%
City home to the University of Michigan Ann Arbor
60%
Actress who starred in "Pitch Perfect" and "Up in the Air" Anna Kendrick
57%
1967 movie starring Anne Bancroft and Dustin Hoffman The Graduate
51%
Director of the movie "Annie Hall" Woody Allen
51%
Occupation of Anna Pavlova, a celebrity of the early 20th century Ballerina
48%
What was "Queen Anne's Revenge"? a Pirate Ship
41%
Actress who dated Ellen Degeneres in the late 1990s Anne Heche
38%
No matching quizzes found
Score Distribution
Percent of People with Each Score
Percentile by Number Answered
Your Score History
You have not taken this quiz